Statistics for "J" Synonyms

Click here to take the quiz!

General Stats

  • This quiz has been taken 81 times
  • The average score is 14 of 20

Answer Stats

WordJ Synonym% Correct
PrisonJail
97%
LeapJump
94%
CoatJacket
92%
Levi'sJeans
92%
HappyJolly / Jovial / Jubilant / Joyous
92%
GarbageJunk
88%
ConnectJoin
86%
AthleteJock
81%
PunJoke / Jest
78%
MandibleJaw / Jawbone / Jowl
76%
CoffeeJoe / Java
75%
PunchJab
71%
VocationJob
68%
AddictJunkie
68%
LargeJumbo
51%
NipponJapan
50%
CurseJinx
42%
CombatJoust
38%
TraitorJudas
36%
HeckleJeer
28%

Score Distribution

Percentile by Number Answered

Percent of People with Each Score

Your Score History

You have not taken this quiz